[Event "Asia-ch Amateur"]
[Site "Dubai"]
[Date "2023.08.28"]
[Round "1"]
[White "Karki, Rajiv"]
[Black "Fernandez, Dandel"]
[Result "0-1"]
[WhiteElo "1614"]
[BlackElo "1977"]
[PlyCount "134"]
[EventDate "2023.08.28"]
[EventType "swiss"]
[EventRounds "9"]
[EventCountry "UAE"]
[SourceTitle "EXT 2024"]
[Source "ChessBase"]
[SourceDate "2023.10.10"]
[SourceVersion "1"]
[SourceVersionDate "2023.10.10"]
[SourceQuality "1"]

1. e4 e5 2. Nf3 f5 3. Nxe5 Qf6 4. d4 d6 5. Nc4 fxe4 6. Nc3 Qg6 7. Ne3 Nf6 8. Ncd5 Kd8 9. Nf4 Qe8 10. h4 c6 11. c4 Na6 12. Be2 g6 13. Bd2 Bg7 14. b4 Rf8 15. g3 Nc7 16. Rc1 Qf7 17. 0-0 h6 18. h5 gxh5 19. Nxh5 Bh3 20. Ng2 Ne6 21. Be3 Ng5 22. Nhf4 Qd7 23. d5 Nf3+ 24. Bxf3 exf3 25. Qxf3 Bg4 26. Ne6+ Qxe6 27. Qf4 Qe5 28. dxc6 bxc6 29. f3 Bd7 30. Qh4 Qh5 31. Qf4 Ne8 32. Qe4 Qf5 33. Qh4+ Kc7 34. c5 d5 35. Bf4+ Kb7 36. b5 Bf6 37. bxc6+ Kxc6 38. Qh2 Qh3 39. Qxh3 Bxh3 40. Rfe1 Bxg2 41. Kxg2 Nc7 42. Bxh6 Rfe8 43. f4 d4 44. g4 Nd5 45. g5 Nxf4+ 46. Kf3 Nd3 47. Rxe8 Rxe8 48. gxf6 Nxc1 49. f7 Rd8 50. f8Q Rxf8+ 51. Bxf8 Nd3 52. Ke4 Nxc5+ 53. Kf3 Kd5 54. Ke2 Kc4 55. Kd2 Ne4+ 56. Kc2 a5 57. Bh6 Nc3 58. Bd2 a4 59. a3 Ne4 60. Bb4 Nc5 61. Be1 d3+ 62. Kd2 Ne4+ 63. Ke3 Nc3 64. Bd2 Nd1+ 65. Ke4 Nb2 66. Bc1 Kb3 67. Ke3 Kc2 0-1

[Event "NEP-ch"]
[Site "Kathmandu"]
[Date "2023.04.23"]
[Round "9"]
[White "Chaulagain, Purushottam"]
[Black "Karki, Rajiv"]
[Result "0-1"]
[WhiteElo "1982"]
[BlackElo "1773"]
[PlyCount "62"]
[EventDate "2023.04.18"]
[EventType "tourn"]
[EventRounds "9"]
[EventCountry "NEP"]
[SourceTitle "EXT 2024"]
[Source "ChessBase"]
[SourceDate "2023.10.10"]
[SourceVersion "1"]
[SourceVersionDate "2023.10.10"]
[SourceQuality "1"]

1. d4 Nf6 2. Nf3 d5 3. Bf4 c5 4. e3 Nc6 5. c3 Qb6 6. Qb3 c4 7. Qc2 Bf5 8. Qc1 e6 9. Nbd2 Nh5 10. Bg5 f6 11. Bh4 g5 12. Bg3 Nxg3 13. hxg3 h5 14. b3 cxb3 15. axb3 Bd6 16. Be2 Rc8 17. Qb2 Qc7 18. Rc1 Nb4 19. Bb5+ Ke7 20. 0-0 Nd3 21. Bxd3 Bxd3 22. Rfe1 h4 23. gxh4 g4 24. c4 gxf3 25. Nxf3 dxc4 26. bxc4 Bxc4 27. Rc2 b5 28. e4 Bf4 29. e5 Qb7 30. exf6+ Kf7 31. Re5 Qxf3 0-1

[Event "NEP-ch"]
[Site "Kathmandu"]
[Date "2023.04.21"]
[Round "6"]
[White "Karki, Rajiv"]
[Black "Subedi, Rajan"]
[Result "0-1"]
[WhiteElo "1773"]
[BlackElo "1935"]
[PlyCount "86"]
[EventDate "2023.04.18"]
[EventType "tourn"]
[EventRounds "9"]
[EventCountry "NEP"]
[SourceTitle "EXT 2024"]
[Source "ChessBase"]
[SourceDate "2023.10.10"]
[SourceVersion "1"]
[SourceVersionDate "2023.10.10"]
[SourceQuality "1"]

1. e4 g6 2. d4 Bg7 3. Nf3 d6 4. h3 Nf6 5. Nc3 Nbd7 6. Bf4 c5 7. dxc5 Nxc5 8. Bb5+ Bd7 9. Qe2 a6 10. Bxd7+ Nfxd7 11. e5 dxe5 12. Nxe5 Ne6 13. Bg3 Nd4 14. Qe4 Nc5 15. Qd5 Nxc2+ 16. Kd2 Qxd5+ 17. Nxd5 Rd8 18. Kxc2 Rxd5 19. Rhe1 0-0 20. Rad1 Rfd8 21. Rxd5 Rxd5 22. Nc4 Ne6 23. b3 b5 24. Ne5 f5 25. Nf3 Kf7 26. Be5 Bf6 27. b4 g5 28. Bc3 Nf4 29. Bd2 Nd3 30. Re2 h6 31. g3 e5 32. Bc3 e4 33. Nd2 Bxc3 34. Kxc3 Nc1 35. Re1 Nxa2+ 36. Kc2 Nxb4+ 37. Kc3 a5 38. Re3 Rd7 39. Re2 Rd3+ 40. Kb2 a4 41. g4 a3+ 42. Ka1 Rxh3 43. Re1 Nc2+ 0-1

[Event "NEP-ch"]
[Site "Kathmandu"]
[Date "2023.04.18"]
[Round "1"]
[White "Karki, Rajiv"]
[Black "Silwal, Purushottam"]
[Result "0-1"]
[WhiteElo "1773"]
[BlackElo "1874"]
[PlyCount "106"]
[EventDate "2023.04.18"]
[EventType "tourn"]
[EventRounds "9"]
[EventCountry "NEP"]
[SourceTitle "EXT 2024"]
[Source "ChessBase"]
[SourceDate "2023.10.10"]
[SourceVersion "1"]
[SourceVersionDate "2023.10.10"]
[SourceQuality "1"]

1. c4 e6 2. g3 Nf6 3. Bg2 d5 4. Nf3 Be7 5. 0-0 0-0 6. d4 dxc4 7. Nc3 c5 8. Bg5 Nc6 9. Ne5 cxd4 10. Nxc6 bxc6 11. Bxf6 Bxf6 12. Ne4 Be7 13. Qa4 Rb8 14. Rab1 Rb4 15. Qxa7 Bb7 16. a3 Rb6 17. Qa4 Ba6 18. Rfd1 e5 19. Qa5 Qb8 20. e3 c3 21. Nxc3 dxc3 22. Qxc3 Bf6 23. b4 e4 24. Qc5 Bd3 25. Rxd3 exd3 26. Rd1 Rd8 27. Be4 d2 28. Qf5 Qe5 29. Qxh7+ Kf8 30. Bf3 c5 31. Qc2 cxb4 32. axb4 Rxb4 33. Rxd2 Rxd2 34. Qxd2 Rb8 35. h4 Rd8 36. Qb4+ Be7 37. Qg4 g6 38. h5 Qxh5 39. Qxh5 gxh5 40. Bxh5 Kg7 41. Kg2 Rd2 42. Kf1 Rb2 43. Kg2 Bb4 44. Kf1 f6 45. Be2 Kg6 46. f4 Bc5 47. e4 Be3 48. Ke1 Rb1+ 49. Bd1 Bf2+ 50. Kxf2 Rxd1 51. g4 Rd4 52. Ke3 Ra4 53. Kd3 Ra3+ 0-1